000 00641nam a22001937a 4500
003 OSt
005 20250709062709.0
008 250702b |||||||| |||| 00| 0 eng d
020 _a 9789719654704
040 _aDWCL - Main lib
_cOC
082 _aFil. 657.42 F897b 2017
100 _aFrias ,Solita A.
245 _aBasics of cost accounting and control/
_cSolita A. Frias
260 _aManila :
_b Unlimited Books Library Services and Publishing,
_cc2017.
300 _axiv, 288 pages :
_bsome illustrations ;
_c26cm.
504 _aIncludes bibliographical references
650 _a1. Cost accounting
942 _2ddc
_cBK - FIL
_kFil.
_n0
999 _c3352
_d3352